000 00596nam a2200193 4500
001 148195
003 ES-MaACL
005 20230906202504.0
007 t|
008 070214s1963 sp r ||||1| spa d
100 1 _aStanbury, John.
_9107886
245 1 0 _aMetabolopatías hereditarias /
_cJohn Stanbury, James B. Wyngaarden, Donald S. Fredrickson.
250 _a1ª. ed.
260 _aBarcelona :
_bSalvat,
_c1963.
300 _aXVI, 1076 p. :
_bil. ;
_c26 cm.
700 1 _aWyngaarden, James B.
_9117477
700 1 _aFredrickson, Donald S.
_952415
852 _aES-MaACL
_jC-24320
_bR.53765
999 _c148195
_d148195